| 000 | 01693nab a2200373 4500 | ||
|---|---|---|---|
| 003 | AR-RoUNA | ||
| 005 | 20250521105545.0 | ||
| 008 | 250521b1985 ag ||||| |||| 00| 0 spa d | ||
| 040 | _bspa | ||
| 041 | _aspa | ||
| 044 | _aag | ||
| 110 | 2 |
_aArgentina. Universidad Nacional del Sur. _bDepartamento de Geografía. _927185 |
|
| 245 | _aRevista Universitaria de Geografía | ||
| 260 |
_aArgentina: _bImprenta MArtinez y Rodiguez SRL, _c1985 |
||
| 505 | 0 | _tINDICE | |
| 505 | 0 | _aMariano Zamorano / La geografía, Ciencia de una actualizada Realidad Espacial. p. 7 | |
| 505 | 0 | _aVíctor Crespo / Vulnerabilidad Geográfica de los Centros Urbanos. p. 17 | |
| 505 | 0 | _aAlicia Capelli de Steffens y otros / El clima Estival Bahiense. p. 27 | |
| 505 | 0 | _aAna María Petagna de del Río /Los Arboles de la Ciudad de Bahía Blanca. Diagnóstico de Estructura de la Situación Actual. p. 49 | |
| 505 | 0 | _aCecilio Ockier de Azcoitía / Delimitación del Centro Comercial de Bahía Blanca. p. 65 | |
| 505 | 0 | _aNelly Amalia Gray de Cerdán / Condicionantes Geográficos de los Asentamientos Humanos en Zona Arida. Su comportamiento en el N.E. de Mendoza (departamento Lavalle) | |
| 505 | 0 | _tRESEÑAS N I | |
| 505 | 0 | _aNorma Barciocco de Mársico. p. 99 | |
| 505 | 0 | _tRESEÑAS Nº II | |
| 505 | 0 | _aOlga Del Pozo de Moraes. Ilda María Ferrera. p. 103 | |
| 505 | 0 | _tRESEÑAS Nº III | |
| 505 | 0 | _aMAría del C. Vaquero de Trillini. p. 107 | |
| 650 |
_aGeografía _93697 _zArgentina |
||
| 773 |
_aRevista Universitaria de Geografía _gvol.1 nº1 (dic-1985). 110 p. |
||
| 908 | _aImp | ||
| 942 |
_cART _2udc |
||
| 945 | _d2025-05-21 | ||
| 980 |
_65 _aMaría Machado _85 _gMaría Machado |
||
| 999 |
_c11994 _d11994 |
||